banner-ar

الاسلام والغرب : (Record no. 65502)

MARC details
000 -الفاتح
حقل البيانات ثابتة الطول 00821nam a2200229Ia 4500
005 - وقت وتاريخ اخر تعامل مع التسجيلة
رقم الضبط 20240530110828.0
008 - عناصر البيانات ثابتة الطول - معلومات عامة
حقل البيانات ثابتة الطول 140319s1991 ua 000 0 ara d
017 ## - رقم الايداع القانونى
المصدر ( الهيئة المختصة) مصر. دار الكتب
040 ## - مصدر الفهرسة
وكالة الفهرسة الأصلية GCL /
وكالة النسخ GCL
082 04 - رقم تصنيف ديوى العشرى
رقم الطبعة 21
رقم التصنيف 257.1 /
رقم المادة م أ
100 0# - المدخل الرئيسى - إسم شخصى
الإسم الشخصى محمد الخير عبدالقادر
245 12 - بيان العنوان
العنوان الاسلام والغرب :
بقية العنوان دراسة فى قضايا الفكر المعاصر /
بيان المسئوليه,etc محمد الخير عبدالقادر
260 ## - PUBLICATION, DISTRIBUTION, ETC. (IMPRINT)
تاريخ النشر أو التوزيع 1991
300 ## - الوصف المادى
التعداد 352 ص ؛
أبعاد الوعاء 24 سم .
650 04 - المدخل الاضافى بالموضوع-مصطلح موضوعى
مصطلح موضوعي الاسلام
مصدر الرأس أو المصطلح qrmak
650 04 - المدخل الاضافى بالموضوع-مصطلح موضوعى
مصطلح موضوعي الشريعة الاسلامية
مصدر الرأس أو المصطلح qrmak
650 04 - المدخل الاضافى بالموضوع-مصطلح موضوعى
مصطلح موضوعي النظام السياسى
مصدر الرأس أو المصطلح qrmak
650 04 - المدخل الاضافى بالموضوع-مصطلح موضوعى
مصطلح موضوعي نظام الحكم
مصدر الرأس أو المصطلح qrmak
651 ## - المدخل الاضافى بالموضوع - اسم جغرافى
مصدر الرأس أو المصطلح qrmak
942 ## - عناصر المدخل الإضافي( كوها)
مصدر التصنيف او مخطط الترفيف Dewey Decimal Classification
Koha [default] item type كتاب
260 ## - PUBLICATION, DISTRIBUTION, ETC. (IMPRINT)
-- بيروت :
-- دار الجيل،
Holdings
حالة التراجع حالة الفقد حالة تلف ليس للاعارة المكان المؤقت الموقع الحالى موقع الترفيف تاريخ الاكتساب اجمالي اﻻعارات رقم الطلب الباركود تاريخ اخر مشاهدة تاريخ تفعيل السعر نوع وعاء كوها
        مكتبة القاهرة الكبرى مكتبة القاهرة الكبرى القاعة الرئيسية 08/19/2019   257.1 / م أ 166394 08/19/2019 08/19/2019 كتاب

Powered By

EGPV